| 000 | 02385nam a22002537a 4500 | ||
|---|---|---|---|
| 999 |
_c60189 _d60189 |
||
| 003 | Ge_BSU | ||
| 005 | 20230616101418.0 | ||
| 008 | 230616s2018 ge ||||| |||| 00| 0 geo d | ||
| 020 | _a9789941262234 | ||
| 041 | _ageo | ||
| 080 | _a39(=35) თ-77 | ||
| 100 |
_aთოფჩიშვილი, როლანდ _94620 |
||
| 245 |
_aგეოგრაფიული გარემო და კავკასიელთა ეთნიკური კულტურა / _cროლანდ თოფჩიშვილი; რედაქტორები: სალომე ბახია-ოქრუაშვილი, ნათია ჯალაბაძე, ლავრენტი ჯანიაშვილი; ივანე ჯავახიშვილის სახ. თბილისის სახელმწ. უნ-ტი, ჰუმანიტარულ მეცნიერებათა ფაკ-ტი, ეთნოლოგიის სასწ.-სამეცნ. ინ-ტი, ივანე ჯავახიშვილის სახ. ისტორიისა და ეთნოლოგიის ინ-ტი. |
||
| 264 |
_aთბილისი : _bუნივერსალი, _c2018. |
||
| 300 |
_a240 გვ. ; _b20 სმ. |
||
| 504 | _aბიბლიოგრ. ტექსტის შენიშვნებში | ||
| 653 | _aკავკასიის ხალხთა ეთნოგრაფია | ||
| 653 | _aგეოგრაფიული გარემოს გავლენა | ||
| 700 |
_aბახია-ოქრუაშვილი, სალომე _eრედაქტორი _918754 |
||
| 700 |
_aჯალაბაძე, ნათია _eრედაქტორი _917611 |
||
| 700 |
_aჯანიაშვილი, ლავრენტი _eრედაქტორი _917610 |
||
| 710 |
_aივანე ჯავახიშვილის სახ. თბილისის სახელმწ. უნ-ტი _bჰუმანიტარულ მეცნიერებათა ფაკ-ტი. ეთნოლოგიის სასწ.-სამეცნ. ინ-ტი. ივანე ჯავახიშვილის სახ. ისტორიისა და ეთნოლოგიის ინ-ტი. _918755 |
||
| 942 |
_2udc _cBK |
||